LDR 00953nam a2200229 4500 001 000000367337 003 CaOOAMICUS 005 20260420145623.0 008 260420s2013 it 000 u ita r 020 $a978-88-96813-57-7 040 $aSeMil$bita 100 1 $aMorretta, Mattia,$d<1957- >.$0(OLS)http://semarc/name/122154 245 10$aChe colpa abbiamo noi :$blimiti della sottocultura omosessuale /$cMattia Morretta. 264 1$aMilano :$bGruppo Editoriale Viator,$c2013. 300 $a345 p. ;$c20 cm 850 $aSeMil 852 $aSeMil$W1$xVenegono$y1$B258049$CSeMilBibl$Z2$F258049 $81 961 $aCaspani Maurizio - Lascito 996 $6020$a978-88-96813-57-7$9(OLS)http://semarc/number/305701 996 $6245$aChe colpa abbiamo noi :$blimiti della sottocultura omosessuale$9(OLS)http://semarc/title/459247 996 $6264$aMilano :$bGruppo Editoriale Viator$9(OLS)http://semarc/publisher/49938